000 00868nac a22002537a 4500
001 BR7907035
003 BR-BrBNA
005 20240105114532.0
008 230509b bl.|||m| |||| 00| 0 por d
040 _aBR-BrBNA
_bpor
_cBiblioteca Nacional de Agricultura
072 _aE15; Q10
090 _a9410 BR7907035
110 1 _aCooperativa Central dos Produtores de Leite Ltda., Rio de Janeiro, RJ (Brasil)
_92830
245 1 _aRelatorio 1978 [Cooperativa Central dos Produtores de Leite Ltda., Brasil]
260 3 _aRio de Janeiro, RJ (Brasil):
_c1979.
300 _a24 p.
490 _aRelatorio - Cooperativa Central dos Produtores de Leite Ltda. (Brazil)
_v
_x
500 _a20 illus.
650 _aLEITE
650 _aCOOPERATIVA DE PRODUTORES
650 _aASSISTENCIA TECNICA
909 _a202312
_bLúcia Elande
_c55
_dLúcia Elande
942 _2AGRIS
_n0
_cMS
999 _c269900
_d269900